000 01120nam2a2200253 4500
001 RU\NLR\BIBL_A\022767716
005 20260424114249.0
010 _a978-5-17-181594-3
_bт. 2
_95000
021 _aRU
_bАЛ-П-26-00129и
_9АЛ-П-26-0018
035 _a(NLR Aleph) 022767716
090 _a13647560
_c13647560
100 _a20260327d2026 u y0rusy50 ca
101 1 _arus
_ckor
102 _aRU
105 _aа t 000ay
200 0 _aТ. 2
210 _d2026
215 _a303, [1] с.
_cцв. ил.
333 _a18+
461 0 _1001RU\NLR\BIBL_A\022701384
_12001#$aБерегись этой чертовки$eвебтун$fБлю Канна, Берри, Сода Айс$gперевод с корейского Ю. Казаковой$vТ. 2
_1700#0$aСода Айс$cпсевдоним$3RU\NLR\AUTH\770289706
_913696357
_aБлю Канна (псевдоним)
_cМосква
_d2025-2026
_fБлю Канна, Берри, Сода Айс
_nАСТ
_oвебтун
_tБерегись этой чертовки
_y978-5-17-178361-7
_vТ. 2
942 _cBOOK
980 _aNB